Cities To Win It All - Statistics

General Stats
  • This quiz has been taken 922 times
  • The average score is 7 of 8
Answer Stats
Teams to win World Series Teams to win Stanley Cup Teams to win Super Bowl Teams to win NBA Finals Answer % Correct
1 1 2 1 Los Angeles
98%
3 2 2 1 New York
98%
2 1 1 1 Chicago
93%
2 1 1 1 Boston
91%
1 1 1 1 Miami
91%
2 1 1 2 Philadelphia
79%
1 1 1 1 Washington
69%
2 1 1 1 St. Louis
41%
No matching quizzes found
Score Distribution
Percent of People with Each Score
Percentile by Number Answered
Your Score History
You have not taken this quiz